Introduction to properties of materials (Record no. 23008)

MARC details
000 -LEADER
fixed length control field 00344nam a2200133Ia 4500
082 ## - DEWEY DECIMAL CLASSIFICATION NUMBER
Classification number 066.017
Item number ROS
100 ## - MAIN ENTRY--AUTHOR NAME
Personal name Asimow, Robert
245 #0 - TITLE STATEMENT
Title Introduction to properties of materials
250 ## - EDITION STATEMENT
Edition statement Ed.2
260 ## - PUBLICATION, DISTRIBUTION, ETC. (IMPRINT)
Place of publication New York
Name of publisher Van Nostrand
Year of publication 1971
700 ## - ADDED ENTRY--PERSONAL NAME
Personal name Rosenthal, Daniel
942 ## - ADDED ENTRY ELEMENTS (KOHA)
Koha item type Books
Holdings
Withdrawn status Lost status Damaged status Not for loan Home library Current library Date acquired Cost, normal purchase price Full call number Accession Number Koha item type
        RRII Library RRII Library 16/12/2021 12.50 066.017 ROS 03717 Books